Gaming Quiz

Random Gaming Quiz

ZombiU Locations Quiz Stats

 Plays Quiz not verified by Sporcle

Also try: Nintendo Villains
Challenge
Share
Tweet
Embed
Score 0/10 Timer 05:00
0 Plays Today
Location % Correct
Safe House
94.4%
Buckingham Palace
94.4%
Tower of London
88.9%
Brick Lane Markets
83.3%
Palace Underground
83.3%
Victoria Memorial
83.3%
Brick Lane Flats
83.3%
Baconfields
83.3%
St. George's Church
83.3%
Spitalfields Green
77.8%

You're not logged in!

Compare scores with friends on all Sporcle quizzes.
Join for Free
OR
Log In

You Might Also Like...

Show Comments

Extras

Created Mar 1, 2014ReportNominate
Tags:location

Top Quizzes Today


Score Distribution

Your Account Isn't Verified!

In order to create a playlist on Sporcle, you need to verify the email address you used during registration. Go to your Sporcle Settings to finish the process.

Report this User

Report this user for behavior that violates our Community Guidelines.

Details: